000 00515nam a2200217Ia 4500
003 OSt
005 20220928151801.0
006 a|||||r|||| 00| 0
007 ta
008 220927b |||||||| |||| 00| 0 eng d
024 _a131509
037 _cTextual
040 _aSDCL
_cSDCL
_beng
041 _2eng
_aeng
082 _aQ11:9, M5.1
100 _aSharma U C
_9518275
245 0 _aDasarajna war.
260 _c1985
942 _hQ11:9, M5.1
_cTEXL
_2CC
999 _c853093
_d853093